تدريس مهارة الكتابة العربية للراشدين غير الناطقين بالعربية : نماذج باستخدام الوسائل البصرية للمستوى المبتدىء /
Saved in:
| Main Author: | |
|---|---|
| Other Authors: | |
| Format: | Thesis |
| Language: | Arabic |
| Published: |
Petaling Jaya, Selangor :
Jami'ah al-Islamiyah al-'Alamiyah,
1997
|
| Subjects: | |
| Online Access: | http://studentrepo.iium.edu.my/handle/123456789/8828 |
| Tags: |
Add Tag
No Tags, Be the first to tag this record!
|
| LEADER | 025250000a22004090004500 | ||
|---|---|---|---|
| 001 | 163245 | ||
| 005 | 20230420084015.0 | ||
| 008 | 971111s1997 my 000 0 ara | ||
| 035 | |a (Sirsi) 163245 | ||
| 040 | |a UIAM |b eng | ||
| 041 | 0 | |a ara | |
| 050 | |a PJ6128 | ||
| 100 | 1 | |a كيريمبوى، راشد عبد الحميد |9 111275 | |
| 242 | 1 | 0 | |a Tadris maharat al-kitabah al-'Arabiyah lil-rashidin ghayr al-natiqin bi-al-'Arabiyah : |b namadhij bi-istikhdam al-wasa'il al-basariyah lil-mustawa al-mubtadi' / |c i'dad Rashid 'Abd al-Hamid Kirembawi |
| 245 | 1 | 0 | |a تدريس مهارة الكتابة العربية للراشدين غير الناطقين بالعربية : |b نماذج باستخدام الوسائل البصرية للمستوى المبتدىء / |c اعداد راشد عبد الحميد كيريمبوى |
| 246 | 3 | 0 | |a Teaching Arabic writing skills to adults non-Arab speakers : samples of lesson plants with an application of visual aids for elementary level |
| 260 | 1 | |a Petaling Jaya, Selangor : |b Jami'ah al-Islamiyah al-'Alamiyah, |c 1997 | |
| 300 | |a 77 p. : |b ill. ; |c 30 cm. | ||
| 336 | |2 rdacontent | ||
| 337 | |2 rdamedia | ||
| 338 | |2 rdacarrier | ||
| 500 | |a Includes bibliographical references (p. 73-77). | ||
| 502 | |a Thesis (M.A.)--al-Jami'ah al-Islamiyah al-'Alamiyah, 1997. | ||
| 650 | 0 | |a Arabic language |x Writing Study and teaching Foreign speakers |9 111277 | |
| 650 | 0 | |a Arabic language |x Study and teaching Foreign speakers Audio-Visual aids |9 49850 | |
| 655 | 0 | 7 | |a Theses, IIUM local |
| 690 | 0 | |a Dissertations, Academic |x Department of Arabic Language and Literature |z IIUM | |
| 700 | 1 | 0 | |a Kirembwe, Rashid 'Abd al-Hamid |9 111280 |
| 710 | 2 | |a International Islamic University Malaysia. |b Department of Arabic Language and Literature | |
| 856 | 4 | |u http://studentrepo.iium.edu.my/handle/123456789/8828 | |
| 900 | |a abu-nmh-hm | ||
| 942 | |2 lcc |n 0 | ||
| 999 | |c 431224 |d 462715 | ||
| 952 | |0 0 |6 LU T PJ6128K58T 1997 |7 0 |8 THESES |9 750933 |a IIUM |b IIUM |c CLOSEACCES |g 0.00 |o lu t PJ6128K58T 1997 |p 00010981451 |r 2017-10-25 |t 1 |v 0.00 |y THESIS | ||
| 952 | |0 0 |6 LU T PJ6128K58T 1997 |7 0 |8 THESES |9 750934 |a IIUM |b IIUM |c CLOSEACCES |g 0.00 |o lu t PJ6128K58T 1997 |p 00010981454 |r 2017-10-25 |t 2 |v 0.00 |y THESIS | ||
| 952 | |0 0 |6 T PJ6128K58T 1997 |7 0 |8 THESES |9 750935 |a IIUM |b IIUM |c MULTIMEDIA |g 0.00 |o t PJ6128K58T 1997 |p 00000540107 |r 2017-10-20 |t 1 |v 0.00 |y THESIS | ||
| 952 | |0 0 |6 TS CDF PJ6128K58T 1997 |7 0 |8 THESES |9 799397 |a IIUM |b IIUM |c MULTIMEDIA |g 0.00 |o ts cdf PJ6128K58T 1997 |p 11100326505 |r 2017-10-26 |t 1 |v 0.00 |y THESISDIG | ||
